000 00294nam a22001337a 4500
008 181022b xxu||||| |||| 00| 0 eng d
020 _a9780070711242
041 _aeng
080 _a004
100 _a30
101 _aSHK
245 _aIntroductory Suveying
_cWirshing.J.R
942 _2udc
_cBK
999 _c50344
_d50344